Disney Opening Lines Quiz Stats

 Plays Quiz Updated Dec 8, 2014

Challenge
Share
Tweet
Embed
Score 0/22 Timer 06:00
2 Plays Today
First Spoken Lines Movie % Correct
Many strange legends are told of these jungles in India, but none so strange as the story of a small boy named Mowgli.The Jungle Book
93%
And just at that moment, the ugly little frog looked up with his sad, round eyes and pleaded, “Oh, please dear princess, only a kiss from you can break this terrible spell...'The Princess and the Frog
92.1%
Isn’t this great? The salty sea air, the wind blowing in your face. Perfect day to be at sea.The Little Mermaid
87.2%
Pretty huh? I’ll bet a lot of you folks don’t believe that. About a wish coming true. Well, I didn’t either. Of course, I’m just a cricket...Pinocchio
84.3%
Slave in the magic mirror. Come from the farthest space. Through wind and darkness, I summon thee. Speak! Let me see thy face.Snow White and the Seven Dwarfs
83.4%
Ah, Salaam and good evening to you, worthy friend. Please, please come closer. Too close! A little too close!Aladdin
82.3%
Would you take a look at that? Pretty pathetic huh? Well, you’ll never believe this but that llama you’re looking at was once a human being.The Emperor's New Groove
82.2%
And below the hilt, in letters of gold, were written these words: “Who so pulleth out this sword of this stone and anvil is rightwise king born of England.”The Sword in the Stone
81.1%
Long ago, in the faraway land of ancient Greece, there was a golden age of powerful gods and extraordinary heroes.Hercules
80.2%
We’re under attack! Light the signal! Now all of China knows you’re here.Mulan
80.2%
Once upon a time in a faraway land, a young prince lived in a shining castle. Although he had everything his heart desired the prince was spoiled, selfish and unkind.Beauty and the Beast
70.5%
First Spoken Lines Movie % Correct
Marie, my little one. You’re going to be as beautiful as your mother. Isn’t she Duchess?The Aristocats
70.1%
In a faraway land long ago lived a King and his fair Queen. Many years had they longed for a child and finally their wish was granted.Sleeping Beauty
67.2%
Listen, they are beautiful, no? So many colors of sounds. So many changing moods. Because you know, they do not ring all by themselves.The Hunchback of Notre Dame
60.5%
My story begins in London. Not so very long ago. And yet so much has happened since then that it seems more like an eternity. At that time, I lived with my pet, in a bachelor flat.One Hundred and One Dalmatians
57.9%
Read the charges!
'Dr. Jumba Jookiba, lead scientist of Galaxy Defense Industries. You stand before this counsel accused of illegal genetic experimentation.'
Lilo & Stitch
57.8%
It’s for you, Darling. Merry Christmas.
Oh, Jim Dear. It’s the one I was admiring isn’t it? Trimmed with ribbons?
Lady and the Tramp
55.3%
Life’s not fair is it? You see I…well, I shall never be king. And you shall never see the light of another day. Adieu.The Lion King
54.7%
Hey look, is that Smith?
That’s him alright, the old sea dog.
Pocahontas
49.4%
Once upon a time in a faraway land, there was a tiny kingdom. Peaceful, prosperous and rich in romance and tradition. Here, in a stately chateau, lived a widowed gentleman...Cinderella
46.3%
All this has happened before. And it will all happen again. But this time it happened in London. It happened on a quiet street in Bloomsbury.Peter Pan
41.2%
You know there’s been a heap of legends and tall tales about [Title Character]. All different too. Well, we folks of the animal kingdom have our own version. Robin Hood
39.7%

You're not logged in!

Compare scores with friends on all Sporcle quizzes.
OR
Log In

You Might Also Like...

Show Comments

Extras

Top Quizzes Today


Score Distribution

Your Account Isn't Verified!

In order to create a playlist on Sporcle, you need to verify the email address you used during registration. Go to your Sporcle Settings to finish the process.

Report this User

Report this user for behavior that violates our Community Guidelines.

Details: